000 00239nam a2200097Ia 4500
008 230508s2013 xx 000 0 und d
041 _aeng
100 _aSEN P.C.
245 _aMODERN POWER ELECTRONICS
260 _bS. CHAND & COMPANY P
_c2013
999 _c334733
_d334733